Statistics for Scientists A-Z

Click here to take the quiz!

General Stats

  • This quiz has been taken 134 times
  • The average score is 12 of 26

Answer Stats

Clue Scientist % Correct
EE=mc²Albert Einstein
98%
DTheory of evolutionCharles Darwin
91%
NDiscovered gravityIsaac Newton
88%
GDiscovered Jupiter's moonsGalileo Galilei
80%
AVersatile ancient Greek philosopher and scientistAristotle
79%
CStudied radioactivityMarie Curie
79%
HEnglish theoretical physicist and victim of ALSStephen Hawking
64%
JStudied thermodynamics and is the namesake of an SI unit of energyJames Prescott Joule
64%
MFounder of modern geneticsGregor Mendel
64%
BJewish Dane who created an early model of the atomNiels Bohr
60%
OWorked on the Manhattan ProjectJ. Robert Oppenheimer
55%
VInventor of the electric batteryAlessandro Volta
52%
FDiscovered electromagnetic inductionMichael Faraday
50%
KStudied planetary motion during the Scientific RevolutionJohannes Kepler
48%
PGerman originator of quantum theoryMax Planck
44%
SAustrian physicist with a cat that is simultaneously dead and aliveErwin Schrödinger
41%
L"Father of modern chemistry"Antoine Lavoisier
38%
WCo-discoverer of DNA's structureJames Watson
38%
RFather of nuclear physicsErnest Rutherford
36%
TCurrent American astrophysicist and science communicatorNeil deGrasse Tyson
25%
QRenowned Australian particle physicistHelen Quinn
4%
ZInventor of the world's first programmable computerKonrad Zuse
4%
IProvided the first evidence of continental driftEdward Irving
2%
UCanadian Down syndrome researcherIrene Uchida
1%
XChief of nuclear research in ChinaHe Xiantu
1%
YDeveloped the RIA techniqueRosalyn Sussman Yalow
1%

Score Distribution

Percentile by Number Answered

Percent of People with Each Score

Your Score History

You have not taken this quiz